| 000 | 01485nac a22003491i 4500 | ||
|---|---|---|---|
| 003 | EG-ScBUE | ||
| 005 | 20250702090504.0 | ||
| 008 | 250630t2007 njua f bd 001 0 eng d | ||
| 020 | _a0132279959 | ||
| 020 | _a9780132279956 | ||
| 040 |
_aEG-ScBUE _beng _erda _cEG-ScBUE _dEG-ScBUE |
||
| 082 | 0 | 4 |
_a540 _bMCM _222 |
| 100 | 1 |
_aMcMurry, John, _eauthor. |
|
| 245 | 1 | 0 |
_aFundamentals of general, organic, and biological chemistry / _cJohn McMurry, Cornell University, Mary E. Castellion, Norwalk, Connecticut, David S. Ballantine, Northern Illinois University ; with special contributions by Carl A. Hoeger, University of California, San Diego, Virginia E. Peterson, University of Missouri-Columbia. |
| 250 | _aFifth edition. | ||
| 250 | _aPearson international edition. | ||
| 264 | 1 |
_aUpper Saddle River, New Jersey : _bPearson/Prentice Hall, _c[2007] |
|
| 264 | 4 | _cc2007 | |
| 300 |
_a1 volume (various pagings) : _bcolor illustrations ; _c26 cm |
||
| 336 |
_2rdacontent _atext _btxt |
||
| 337 |
_aunmediated _2rdamedia _bn |
||
| 338 |
_avolume _bnc _2rdacarrier |
||
| 500 | _aIncludes glossary. | ||
| 500 | _aIncludes Appendices. | ||
| 504 | _aIncludes bibliographical references and index. | ||
| 650 | 7 |
_aChemistry _vTextbooks. _2BUEsh |
|
| 655 | _vReading book | ||
| 700 | 1 |
_aCastellion, Mary E., _eauthor. |
|
| 700 | 1 |
_aBallantine, David Stephen, _eauthor. |
|
| 856 | 4 | 1 |
_3Table of contents only _uhttp://www.loc.gov/catdir/toc/ecip068/2006004212.html |
| 942 |
_cBB _2ddc |
||
| 999 |
_c2301 _d2301 |
||